000 00332nam a2200133 i 4500
001 bg
100 1 _aŻUREK, Jan
245 0 _aProblematyka technologiczności konstrukcji w budowie maszyn /
_cJ.Żurek.
260 _aPoznań,
_c1989.
040 _cBPK
041 _apol
942 _cKS
008 s pl f |000 0 pol
999 _c29012
_d29012
856 _uhttp://koha.tu.koszalin.pl/cgi-bin/koha/opac-detail.pl?biblionumber=29012
_yKatalog online BPK